Práca ve Spolkovej republike Nemecko Diel 1

Saved in:
Bibliographic Details
Main Author: Bečák, Bedřich
Format: Book
Language:Czech
Published: Opava BES 1991
Edition:1. vyd.
Tags: Add Tag
No Tags, Be the first to tag this record!

MARC

LEADER 00000nam a2200000 4500
001 c023906
005 20221214094600.1
041 0 |a cze 
044 |a CZ 
245 1 0 |a Práca ve Spolkovej republike Nemecko  |b Diel 1  |c Bedřich Bečák 
250 |a 1. vyd. 
264 1 |a Opava  |b BES  |c 1991 
300 |a 32 s. 
100 1 |a Bečák, Bedřich